[Event "Johannesburg PSS Capablanca-C"]
[Site "Johannesburg"]
[Date "2017.04.26"]
[Round "1"]
[White "Marais, Daniel Petrus"]
[Black "Fisher, Michelle M"]
[Result "1-0"]
[WhiteElo "1792"]
[BlackElo "1696"]
[PlyCount "55"]
[EventDate "2017.04.26"]
[EventType "tourn"]
[EventRounds "9"]
[EventCountry "RSA"]
[SourceTitle "CBM 178 Extra"]
[Source "ChessBase"]
[SourceDate "2017.06.22"]
[SourceVersion "1"]
[SourceVersionDate "2017.06.22"]
[SourceQuality "1"]

1. e4 c5 2. Nf3 d6 3. d4 cxd4 4. Nxd4 Nf6 5. Nc3 g6 6. Be3 Bg7 7. f3 Nc6 8. Qd2 0-0 9. 0-0-0 Bd7 10. g4 Rc8 11. Kb1 Nxd4 12. Bxd4 Be6 13. h4 a6 14. h5 b5 15. Qh2 Qa5 16. Bxf6 exf6 17. hxg6 fxg6 18. Rxd6 Kf7 19. Bd3 Rxc3 20. bxc3 Qa3 21. Rxe6 Kxe6 22. Qc7 Qe7 23. Qxe7+ Kxe7 24. c4 Rb8 25. cxb5 axb5 26. Kb2 b4 27. Kb3 Bf8 28. Bc4 1-0

[Event "Olympiad Women-42"]
[Site "Baku"]
[Date "2016.09.12"]
[Round "10.4"]
[White "Fisher, Michelle M"]
[Black "Molina, Jessica"]
[Result "1/2-1/2"]
[WhiteElo "1701"]
[BlackElo "1883"]
[PlyCount "85"]
[EventDate "2016.09.02"]
[EventType "team-swiss"]
[EventRounds "11"]
[EventCountry "AZE"]
[SourceTitle "CBM 174 Extra"]
[Source "ChessBase"]
[SourceDate "2016.10.10"]
[SourceVersion "1"]
[SourceVersionDate "2016.10.10"]
[SourceQuality "1"]
[WhiteTeam "South Africa (W)"]
[BlackTeam "Bolivia (W)"]
[WhiteTeamCountry "RSA"]
[BlackTeamCountry "BOL"]

1. e4 c5 2. Nf3 Nc6 3. d4 cxd4 4. Nxd4 d6 5. c4 g6 6. Nc3 Bg7 7. Be3 Nf6 8. Be2 Bd7 9. 0-0 0-0 10. f3 b6 11. Qd2 Nxd4 12. Bxd4 Bc6 13. Rac1 e6 14. Be3 Qc7 15. Rfd1 Rfd8 16. Bf4 Ne8 17. b4 Qe7 18. Qe3 Rac8 19. Rd2 Rc7 20. c5 bxc5 21. bxc5 Rcd7 22. cxd6 Nxd6 23. Qc5 Nb7 24. Qxe7 Rxe7 25. Rxd8+ Nxd8 26. Nb5 Rb7 27. Rd1 Rd7 28. Rxd7 Bxd7 29. Be3 a5 30. Nd6 Bc3 31. Bb6 Nc6 32. Nb5 Be5 33. g3 Bc8 34. f4 Bf6 35. e5 Bd8 36. Bc5 Ba6 37. a4 Nb4 38. Kf2 g5 39. Nc3 Bxe2 40. Kxe2 gxf4 41. gxf4 Kg7 42. Kf3 Kg6 43. Ne4 1/2-1/2

[Event "Olympiad Women-42"]
[Site "Baku"]
[Date "2016.09.08"]
[Round "6.3"]
[White "Fisher, Michelle M"]
[Black "Wasif, Zenobia"]
[Result "1/2-1/2"]
[WhiteElo "1701"]
[BlackElo "1566"]
[PlyCount "126"]
[EventDate "2016.09.02"]
[EventType "team-swiss"]
[EventRounds "11"]
[EventCountry "AZE"]
[SourceTitle "CBM 174 Extra"]
[Source "ChessBase"]
[SourceDate "2016.10.10"]
[SourceVersion "1"]
[SourceVersionDate "2016.10.10"]
[SourceQuality "1"]
[WhiteTeam "South Africa (W)"]
[BlackTeam "Pakistan (W)"]
[WhiteTeamCountry "RSA"]
[BlackTeamCountry "PAK"]

1. e4 e5 2. Nf3 d6 3. d4 exd4 4. Qxd4 Nc6 5. Bb5 Bd7 6. Bxc6 Bxc6 7. Nc3 h6 8. 0-0 Nf6 9. Bf4 Be7 10. Rfe1 0-0 11. Rad1 a6 12. Qd3 Nd7 13. Nd5 Bxd5 14. Qxd5 Rb8 15. Qc4 Nb6 16. Qb3 Qc8 17. e5 Qf5 18. exd6 Bxd6 19. Bxd6 cxd6 20. Qxb6 Qxc2 21. Rxd6 Qc4 22. Red1 Kh7 23. Ne5 Qe4 24. Qd4 Qe2 25. Qd3+ Qxd3 26. R6xd3 Rfe8 27. Nxf7 Re2 28. R3d2 Re7 29. Nd6 Rd8 30. Kf1 b5 31. Nf5 Rxd2 32. Rxd2 Rc7 33. Ke2 Kg6 34. Ne3 Rc6 35. f4 Kf7 36. g4 g6 37. h4 Re6 38. Kf3 a5 39. Rd5 Rb6 40. Re5 a4 41. f5 b4 42. g5 hxg5 43. hxg5 gxf5 44. Rxf5+ Kg7 45. Ra5 Kg6 46. Kf4 b3 47. a3 Rd6 48. Nd5 Rd8 49. Ra6+ Kg7 50. Ke5 Re8+ 51. Re6 Rc8 52. Nc7 Rxc7 53. Ra6 Rc2 54. Rxa4 Rxb2 55. Kd4 Rf2 56. Kc3 b2 57. Rb4 Rg2 58. Rxb2 Rxg5 59. a4 Kf7 60. Rb6 Ke7 61. Kb4 Kd7 62. a5 Kc7 63. Rh6 Kb7 1/2-1/2

[Event "Olympiad Women-42"]
[Site "Baku"]
[Date "2016.09.06"]
[Round "5.4"]
[White "Fisher, Michelle M"]
[Black "Leon Sandoval, Johan"]
[Result "1/2-1/2"]
[WhiteElo "1701"]
[BlackElo "1703"]
[PlyCount "67"]
[EventDate "2016.09.02"]
[EventType "team-swiss"]
[EventRounds "11"]
[EventCountry "AZE"]
[SourceTitle "CBM 174 Extra"]
[Source "ChessBase"]
[SourceDate "2016.10.10"]
[SourceVersion "1"]
[SourceVersionDate "2016.10.10"]
[SourceQuality "1"]
[WhiteTeam "South Africa (W)"]
[BlackTeam "Nicaragua (W)"]
[WhiteTeamCountry "RSA"]
[BlackTeamCountry "NCA"]

1. e4 g6 2. d4 d6 3. f4 Bg7 4. Nf3 c6 5. Nc3 b5 6. a3 a5 7. Bd3 Nh6 8. 0-0 f5 9. e5 0-0 10. Kh1 Nf7 11. Qe2 dxe5 12. dxe5 e6 13. Be3 Qc7 14. Qf2 Nd7 15. Ne2 Bb7 16. Ned4 Rfe8 17. Nb3 a4 18. Nc5 Nxc5 19. Bxc5 Rac8 20. Rad1 Ba6 21. Rd2 Bf8 22. Rfd1 Bxc5 23. Qxc5 Re7 24. Be2 Rd8 25. Rxd8+ Nxd8 26. Nd4 Rd7 27. Bf3 Kf7 28. Rg1 Bb7 29. g4 fxg4 30. Rxg4 Ba8 31. Kg1 Qa7 32. Qxa7 Rxa7 33. Be4 Rd7 34. Nf3 1/2-1/2

[Event "Mondariz Balneario op 3rd"]
[Site "Mondariz Balneario"]
[Date "2016.08.21"]
[Round "6.10"]
[White "Otero Nogueira, Brais"]
[Black "Fisher, Michelle M"]
[Result "1-0"]
[WhiteElo "1930"]
[BlackElo "1672"]
[PlyCount "67"]
[EventDate "2016.08.17"]
[EventType "swiss"]
[EventRounds "9"]
[EventCountry "ESP"]
[SourceTitle "EXT 2024"]
[Source "ChessBase"]
[SourceDate "2023.10.10"]
[SourceVersion "1"]
[SourceVersionDate "2023.10.10"]
[SourceQuality "1"]

1. e4 c5 2. Nf3 Nc6 3. Bb5 g6 4. 0-0 Bg7 5. Re1 d6 6. c3 a6 7. Bf1 Bg4 8. h3 Bxf3 9. Qxf3 Nf6 10. d3 0-0 11. Bg5 h6 12. Bh4 Nd7 13. Nd2 b5 14. a3 a5 15. Rac1 b4 16. Nc4 Nde5 17. Nxe5 Nxe5 18. Qe3 bxc3 19. bxc3 Nc6 20. Be2 Rb8 21. Bd1 Qc7 22. Bg3 Qa7 23. Ba4 Rfc8 24. Kh1 Rb2 25. f4 Ra2 26. e5 Rxa3 27. Bb5 Rb3 28. Bc4 Rb7 29. f5 g5 30. exd6 exd6 31. Bxd6 Bf8 32. Bxf8 Rxf8 33. f6 Rd7 34. Qe4 1-0

[Event "Africa-ch (Women)"]
[Site "Kampala"]
[Date "2016.07.19"]
[Round "3.10"]
[White "Ampaire, Shakira"]
[Black "Fisher, Michelle M"]
[Result "1/2-1/2"]
[WhiteElo "1367"]
[BlackElo "1681"]
[PlyCount "84"]
[EventDate "2016.07.17"]
[EventType "swiss"]
[EventRounds "9"]
[EventCountry "UGA"]
[SourceTitle "EXT 2024"]
[Source "ChessBase"]
[SourceDate "2023.10.10"]
[SourceVersion "1"]
[SourceVersionDate "2023.10.10"]
[SourceQuality "1"]

1. d4 Nf6 2. c4 g6 3. Nc3 d5 4. cxd5 Nxd5 5. e4 Nb6 6. Nf3 Bg7 7. g3 0-0 8. Bg2 Re8 9. 0-0 Na6 10. Bf4 Bg4 11. e5 Nb4 12. Qb3 Nc6 13. d5 Bxf3 14. dxc6 Bxg2 15. Kxg2 bxc6 16. Rfd1 Qc8 17. Rac1 e6 18. Ne4 Nd7 19. Qc3 c5 20. Nxc5 Nxc5 21. Qxc5 Qb7+ 22. Kg1 Qxb2 23. Rd2 Qb6 24. Qxc7 Qxc7 25. Rxc7 g5 26. Bxg5 Bxe5 27. Rb7 Reb8 28. Rdd7 Rxb7 29. Rxb7 Bd4 30. Be3 Bb6 31. Kg2 Kg7 32. Kf3 Kg6 33. a4 h5 34. Bd2 Rd8 35. a5 Rxd2 36. axb6 axb6 37. Rxb6 Rd4 38. Rb3 e5 39. h4 f6 40. Rb8 Ra4 41. Rg8+ Kh7 42. Rc8 Kg7 1/2-1/2

[Event "Africa-ch (Women)"]
[Site "Kampala"]
[Date "2016.07.18"]
[Round "2.8"]
[White "Fisher, Michelle M"]
[Black "Nyaruai, Joyce"]
[Result "0-1"]
[WhiteElo "1681"]
[BlackElo "1471"]
[PlyCount "91"]
[EventDate "2016.07.17"]
[EventType "swiss"]
[EventRounds "9"]
[EventCountry "UGA"]
[SourceTitle "EXT 2024"]
[Source "ChessBase"]
[SourceDate "2023.10.10"]
[SourceVersion "1"]
[SourceVersionDate "2023.10.10"]
[SourceQuality "1"]

1. e4 e5 2. Nf3 Nc6 3. Bc4 Be7 4. d4 exd4 5. c3 d6 6. cxd4 Nf6 7. d5 Ne5 8. Nxe5 dxe5 9. Nc3 0-0 10. 0-0 a6 11. Re1 b5 12. Bd3 Bb7 13. Ne2 c6 14. dxc6 Bxc6 15. Ng3 Qd7 16. Nf5 Bb4 17. Rf1 Rfd8 18. Qb3 Qxd3 19. Qxb4 Qxe4 20. Ne7+ Kh8 21. Nxc6 Qxc6 22. Bg5 Rd4 23. Qc3 Qxc3 24. bxc3 Rc4 25. Rfe1 Ne4 26. Be7 f6 27. Rac1 Nxc3 28. Rc2 Rac8 29. Rd2 h6 30. f3 Kg8 31. a3 a5 32. Bd6 Ra8 33. Be7 Kf7 34. Bd8 Rd4 35. Rxd4 exd4 36. Bb6 d3 37. Be3 Ke6 38. Bd2+ Ne2+ 39. Kf2 Kd5 40. Rb1 Kc4 41. Ke1 a4 42. Bb4 Rf8 43. Kd2 Nd4 44. Bd6 Nb3+ 45. Kd1 Re8 46. g4 0-1

[Event "RSA-ch U18/20 Girls"]
[Site "Bloemfontein"]
[Date "2016.03.23"]
[Round "7"]
[White "Steyn, Alicia"]
[Black "Fisher, Michelle M"]
[Result "1-0"]
[WhiteElo "1285"]
[BlackElo "1708"]
[PlyCount "39"]
[EventDate "2016.03.20"]
[EventType "swiss"]
[EventRounds "11"]
[EventCountry "RSA"]
[SourceTitle "CBM 171 Extra"]
[Source "ChessBase"]
[SourceDate "2016.04.26"]
[SourceVersion "1"]
[SourceVersionDate "2016.04.26"]
[SourceQuality "1"]

1. e4 c5 2. Nf3 Nc6 3. d4 cxd4 4. Nxd4 Nf6 5. Nc3 e5 6. Ndb5 d6 7. f3 a6 8. Na3 b5 9. Nd5 Nxd5 10. exd5 Nd4 11. c3 Nf5 12. Nc2 Qh4+ 13. Ke2 Ng3+ 14. hxg3 Qxh1 15. Kf2 Be7 16. Bxb5+ axb5 17. Qxh1 0-0 18. Be3 Bb7 19. Nb4 Rfc8 20. Qf1 1-0

[Event "RSA-chT Regions"]
[Site "Cape Town"]
[Date "2016.01.09"]
[Round "4.4"]
[White "Fisher, Michelle M"]
[Black "Pather, Sachen"]
[Result "1-0"]
[WhiteElo "1628"]
[BlackElo "1391"]
[PlyCount "35"]
[EventDate "2016.01.08"]
[EventType "team-swiss"]
[EventRounds "7"]
[EventCountry "RSA"]
[SourceTitle "CBM 170 Extra"]
[Source "ChessBase"]
[SourceDate "2016.02.25"]
[SourceVersion "1"]
[SourceVersionDate "2016.02.25"]
[SourceQuality "1"]
[WhiteTeam "Western Province Youth"]
[BlackTeam "EThekwini"]
[WhiteTeamCountry "RSA"]
[BlackTeamCountry "RSA"]

1. c4 e5 2. Nc3 Nf6 3. g3 d5 4. cxd5 Nxd5 5. Bg2 Nb6 6. Nf3 Bd6 7. 0-0 Nc6 8. d4 0-0 9. dxe5 Nxe5 10. Qc2 h6 11. Rd1 Qe7 12. Nb5 Nxf3+ 13. Bxf3 Be5 14. Be3 c6 15. Bc5 Qf6 16. Bxf8 Bxb2 17. Bxg7 Qxg7 18. Rd8+ 1-0

[Event "RSA-chT U20"]
[Site "Cape Town"]
[Date "2016.01.06"]
[Round "6.6"]
[White "Fisher, Michelle M"]
[Black "Mpofu, Nobuhle"]
[Result "1-0"]
[WhiteElo "1628"]
[BlackElo "838"]
[PlyCount "43"]
[EventDate "2016.01.04"]
[EventType "team-tourn"]
[EventRounds "7"]
[EventCountry "RSA"]
[SourceTitle "CBM 170 Extra"]
[Source "ChessBase"]
[SourceDate "2016.02.25"]
[SourceVersion "1"]
[SourceVersionDate "2016.02.25"]
[SourceQuality "1"]
[WhiteTeam "Western Province"]
[BlackTeam "Tshwane"]
[WhiteTeamCountry "RSA"]
[BlackTeamCountry "RSA"]

1. e4 e5 2. Nf3 Nc6 3. d4 d6 4. d5 Nd4 5. Nxd4 exd4 6. Qxd4 Nf6 7. Bg5 Be7 8. Bb5+ Bd7 9. Bxd7+ Qxd7 10. 0-0 0-0-0 11. Qxa7 c6 12. Be3 c5 13. Nc3 Ng4 14. Qa8+ Kc7 15. Qa5+ Kc8 16. Nb5 Qxb5 17. Qxb5 Nxe3 18. fxe3 Bg5 19. Rxf7 Bxe3+ 20. Kh1 Rd7 21. Qxd7+ Kb8 22. Qxb7# 1-0

[Event "RSA-chT U20"]
[Site "Cape Town"]
[Date "2016.01.06"]
[Round "5.6"]
[White "Jasson, Alexander Luke Jose"]
[Black "Fisher, Michelle M"]
[Result "1-0"]
[WhiteElo "1677"]
[BlackElo "1628"]
[PlyCount "139"]
[EventDate "2016.01.04"]
[EventType "team-tourn"]
[EventRounds "7"]
[EventCountry "RSA"]
[SourceTitle "CBM 170 Extra"]
[Source "ChessBase"]
[SourceDate "2016.02.25"]
[SourceVersion "1"]
[SourceVersionDate "2016.02.25"]
[SourceQuality "1"]
[WhiteTeam "Nelson Mandela Bay"]
[BlackTeam "Western Province"]
[WhiteTeamCountry "RSA"]
[BlackTeamCountry "RSA"]

1. c4 Nf6 2. Nc3 g6 3. g3 Bg7 4. Bg2 0-0 5. d3 c6 6. e4 e5 7. Nge2 d6 8. 0-0 Be6 9. Bg5 h6 10. Bxf6 Bxf6 11. Qd2 Bg7 12. f4 f5 13. Kh1 Nd7 14. Rae1 Nb6 15. Qe3 Qc7 16. exf5 Bxf5 17. fxe5 dxe5 18. Ne4 Kh7 19. N2c3 Rad8 20. c5 Nd5 21. Nxd5 cxd5 22. Nd6 Be6 23. Rxf8 Rxf8 24. b4 a6 25. a3 Bg8 26. h3 Rb8 27. Bf1 Qc6 28. Kh2 b6 29. d4 exd4 30. Qe7 bxc5 31. Ne8 Rb7 32. Qxc5 Qxc5 33. bxc5 Bf8 34. c6 Rb2+ 35. Kh1 Rc2 36. c7 Bf7 37. Bxa6 Bxe8 38. Rxe8 Rxc7 39. Rxf8 Rc3 40. Kg2 Rxa3 41. Bb7 Kg7 42. Rf2 Ra5 43. Rd2 Rb5 44. Bc6 Rc5 45. Bd7 Kf6 46. Rxd4 g5 47. Kf3 Ke5 48. Rd3 Rc4 49. Be8 d4 50. Kg4 Kf6 51. Kh5 Kg7 52. Rf3 Rc7 53. Rf5 Re7 54. Bc6 Re6 55. Bd5 Re7 56. Bc4 Rc7 57. Bd3 Rd7 58. Kg4 Rd6 59. Kf3 Re6 60. Be4 Ra6 61. Bd3 Re6 62. Be4 Ra6 63. Kg4 Re6 64. Bd3 Rd6 65. Kh5 Rd7 66. Rb5 Re7 67. Bf5 Re3 68. Kg4 Re7 69. Rd5 Kf6 70. Rd6+ 1-0

[Event "RSA-chT U20"]
[Site "Cape Town"]
[Date "2016.01.05"]
[Round "4.6"]
[White "Fisher, Michelle M"]
[Black "Dorey, Pierre"]
[Result "1/2-1/2"]
[WhiteElo "1628"]
[BlackElo "1259"]
[PlyCount "47"]
[EventDate "2016.01.04"]
[EventType "team-tourn"]
[EventRounds "7"]
[EventCountry "RSA"]
[SourceTitle "CBM 170 Extra"]
[Source "ChessBase"]
[SourceDate "2016.02.25"]
[SourceVersion "1"]
[SourceVersionDate "2016.02.25"]
[SourceQuality "1"]
[WhiteTeam "Western Province"]
[BlackTeam "Free State"]
[WhiteTeamCountry "RSA"]
[BlackTeamCountry "RSA"]

1. e4 e5 2. Nf3 Nc6 3. d4 exd4 4. Bc4 Bb4+ 5. c3 dxc3 6. bxc3 Qf6 7. Qc2 Ba5 8. 0-0 Ne5 9. Nxe5 Qxe5 10. Qb3 Nf6 11. Bxf7+ Kd8 12. f3 b6 13. Be3 Ba6 14. Bc4 Bxc4 15. Qxc4 d5 16. Qc6 Ke7 17. Bd4 Qd6 18. Qxd6+ cxd6 19. Bxf6+ Kxf6 20. exd5 Rac8 21. Re1 Rhe8 22. Rxe8 Rxe8 23. Nd2 Bxc3 24. Rd1 1/2-1/2